000 00663nam a2200289Ia 4500
005 20260324135325.0
008 008 260324s9999 xx 000 0 eng d
020 _a9780429432514
037 _aEBOOK
040 _aCRL
040 _beng
040 _cCRL
041 _2eng
041 _aeng
084 _qCRL
100 _aFrank Heller
_91200145
245 0 _aManaging Democratic Organizations II
245 0 _bVolume II
260 _bTaylor and Francis
260 _c2000
365 _a
365 _b145
856 _uhttp://www.taylorfrancis.com/books/9780429432514
942 _cEBOOK
999 _c1801111
_d1801111